00720nam a22002297a 4500003000500000005001700005008004100022010001000063011001000073035001100083040000900094100003400103245009200137260011900229300000900348500001800357650002200375650002000397650002500417650001300442700003500455CHAP20220329142850.0041008s2003 mx a r 00010 spa d a88909 a89881 a100432 cCHAP1 aVigueras Guzmán, Ana Lilia.10aTeñido de fibras naturales con pigmentosc/por Ana Lilia Vigueras y Liberato Portillo aZapopan, Jal. :bUniversidad de Guadalajara. Centro Universitario de Ciencias Biológicas y Agropecuarias,c2003. a1 h. ac.4 en bodega14aFibras vegetales.14aPigmentación.14aPigmentos vegetales.14aTaninos.1 aPortillo Martínez, Liberato.